| 000 | 00563nam a2200193Ia 4500 | ||
|---|---|---|---|
| 005 | 20250508162150.0 | ||
| 008 | 008 250505s9999 xx 000 0 eng d | ||
| 037 | _aDissertations | ||
| 040 |
_aFEDL _beng _cFEDL |
||
| 041 |
_aeng _2eng |
||
| 084 |
_a372.64, SNE/DI _qFEDL |
||
| 100 | _aSneh Prabha | ||
| 245 | 0 | _aStudy of juvenile literature in hindi and its educative significance | |
| 260 | _c1979 | ||
| 300 | _a270p. | ||
| 546 | _aM.Phil Dissertation, (Delhi University) | ||
| 942 |
_cDIS _h372.64, SNE/DI |
||
| 999 |
_c1374763 _d1374763 |
||